000 00991nam a2200241 a 4500
001 21238
003 CO-ViMGA
008 141112s2004 ck r 000 u spa d
020 _a9587031490
040 _aCO-ViMGA
_bspa
_cCO-ViMGA
082 0 4 _a658 K734c
100 1 _aKreimer, Nataniel
_930270
245 1 0 _aCómo ser un emprendedor exitoso y no fracasar en el intento
260 _aBogotá; Cultural internacional,
300 _a392 + CD
490 _aPlaneación estrategica
505 _aEl mercado 9 - - La idea 59 - - El producto 97 - - Costos y precios 167 - - Publicidad y promoción 253 - - Marketing 297 - - Competidores y clientes 323 - - Pensando en grande 355
590 _aForma de adquisición : Compra fact. 0855 - - Precio : 172765 - - Proveedor : Temas y libros - - Fecha de adquisición : Mayo 2007
650 1 4 _aADMINISTRACION DE EMPRESAS
_92735
650 1 4 _aMICROEMPRESAS - ORIENTACION
_930271
650 1 4 _aPEQUEÑA Y MEDIANA EMPRESA
_9560
942 _2ddc
_cBK
999 _c29870
_d29870